| 000 | 01070cab a22002415a 4500 | ||
|---|---|---|---|
| 001 | L146133 | ||
| 008 | 081211s2008 xxk f 000 0 eng d | ||
| 035 | _a(Sirsi) u146133 | ||
| 041 | 0 | _aeng | |
| 100 | 1 | _aRussell, Paul | |
| 245 | 0 | 4 | _aThe property poser |
| 260 | _c2008 | ||
| 490 | 0 |
_aInsight _vNovember 2008, 40-41(2) |
|
| 520 | _aExplains the changes in empty property rating effective from 1 April 2008 and the changes introduced by S44a of the Local Government Finance Act 1988. S44a relates to a local authority's discretionary power to have the rateable value of a hereditament apportioned. Highlights the main issues affecting property practitioners, including confusion over how the rules should be applied. | ||
| 590 | _aKA | ||
| 650 | 2 | 4 | _aLOCAL GOVERNMENT FINANCE ACT 1988 S44A |
| 650 | 2 | 4 | _aLOCAL GOVERNMENT FINANCE ACT 1988 S45 |
| 650 | 2 | 4 | _aSI 2008/386 |
| 650 | 2 | 4 | _aRATING (EMPTY PROPERTIES) ACT 2007 |
| 651 | 4 |
_aEngland and Wales _y1543- |
|
| 690 | _aPROPERTY-COMMERCIAL PROPERTY-COMMERCIAL PROPERTY TAXATION-BUSINESS RATES | ||
| 942 | _n0 | ||
| 999 |
_c81039 _d81039 |
||